| 000 | 01512nam a2200337 a 4500 | ||
|---|---|---|---|
| 001 | 2213 | ||
| 003 | BD-RjUL | ||
| 005 | 20211208233514.0 | ||
| 008 | 080324s1906 enk 000 0 eng d | ||
| 035 | _a(BD-RjUL)2240 | ||
| 040 |
_aBD-RjUL _beng _cBD-RjUL |
||
| 041 | 1 |
_aeng _hgrc |
|
| 082 |
_223 _a225 _bNEW 1948 |
||
| 245 | 1 | 4 | _aThe New Testament. [A chronological arrangement by Principal Lindsay]. |
| 260 |
_aLondon : _bJ.M. Dent & Sons; _aNew York : _bE.P. Dutton & Co., _c1906 [reprint 1948] |
||
| 300 |
_axl, 561, 4 p. ; _c17 cm. |
||
| 490 | 1 |
_aEveryman's library. Theology & philosophy ; _v93 |
|
| 500 | _a"First published in this edition 1906" -- t.p. verso. | ||
| 500 | _aIncludes | ||
| 500 | _a"The New Testament: A chronological arrangement by Principal Lindsay"-- series' t.p., following fly-leaf. | ||
| 500 | _aEdited by Thomas M. Lindsay. | ||
| 500 | _a"The text is that of the King James's verson, with a few slight changes ..." -- p. vii. | ||
| 505 | 0 | _a"Preface"; "English translations of the New Testament"; "Prologue" / by T. M. Lindsay (first group of pages) -- N.T. (second group of pages) -- "Everyman's library" / by Ernest Rhys (last group of pages). | |
| 510 | 4 |
_aHerbert, _c2146 |
|
| 510 | 4 |
_aBM, _c12206. r. 20 |
|
| 650 |
_aBible _xNew Testament _9116746 |
||
| 700 | 1 |
_aLindsay, Thomas M. _q(Thomas Martin), _d1843-1914, _eeditor. _9116743 |
|
| 700 | 1 | 2 |
_aRhys, Ernest, _d1859-1946. _tEveryman's Library. _9116744 |
| 830 | 0 |
_aEveryman's library. _v93 _9116745 |
|
| 942 |
_2ddc _cBK _01 |
||
| 999 |
_c2213 _d2213 |
||